Kam kráčíš, hypofýzo? Hrst novinek a perspektiv

Podrobná bibliografia
Hlavný autor: Marek, J. (Autor)
Médium: Článok
Jazyk:čeština

MARC

LEADER 00000nab a2200000uu 4500
001 vtls011151743
003 SK-MaSNL
005 20260303121249.0
008 230131|2007 xo |||||||||||||||||cze|
015 |a SNBRB 
035 |a (urnnbn)urn:nbn:sk:snk:ar-a0a26f 
035 |a (uuid)91097f83-849d-4a35-a9e0-ed0250b5544e 
035 |a urn:nbn:sk:snk-abb13k 
040 |a SNKBUCL  |b slo  |c SNKBUCL  |e AACR2 
041 0 |a cze 
044 |a xo  |c SK 
100 1 |a Marek, J.  |4 aut  |9 455559 
245 1 0 |a Kam kráčíš, hypofýzo? Hrst novinek a perspektiv  |c J. Marek 
773 0 |t Vnitřní lékařství : časopis Internistické sekce Československé lékařské společnosti J. E. Purkyně  |g Roč. 53, č. 7-8 (2007), s. 789-794 
954 |a odborná, vedecká literatúra cudzojazyčná (svetová)  |2 lita 
958 |a OND 
958 |a EUIPO 
958 |a article14 
999 |c 1914432  |d 1916362